Normal view
MARC view
Entry Corporate Name
001 - CONTROL NUMBER
- control field: 17183
003 - CONTROL NUMBER IDENTIFIER
- control field: BD-RjUL
005 - DATE AND TIME OF LATEST TRANSACTION
- control field: 20251014144847.0
008 - FIXED-LENGTH DATA ELEMENTS
- fixed length control field: 251014|| aca||aabn | a|a d
040 ## - CATALOGING SOURCE
- Original cataloging agency: BD-RjUL
- Transcribing agency: BD-RjUL
110 ## - HEADING--CORPORATE NAME
- Corporate name or jurisdiction name as entry element: Maggs Bros
670 ## - SOURCE DATA FOUND
- Source citation: Work cat.: (BD-RjUL)85862: Maggs Bros., The Works of John Milton /, 1936.